Statistiken für Champions League Topscorer 2018/19

Klicken Sie hier um das Quiz zu spielen!

Allgemein

  • Dieses Quiz wurde 67 mal gespielt
  • Das Durchschnittsergebnis liegt bei 12 aus 14

Antwortstatistiken

RangNationVereinToreAntwort% Korrekt
1ArgentinienBarcelona12Lionel Messi
100%
2PolenBayern München8Robert Lewandowski
100%
3PortugalJuventus6Cristiano Ronaldo
97%
7EnglandTottenham Hotspur5Harry Kane
97%
7ÄgyptenLiverpool5Mohamed Salah
97%
7BrasilienParis Saint-Germain5Neymar
95%
3ArgentinienManchester City6Sergio Agüero
95%
7Kroatien1899 Hoffenheim5Andrej Kramaric
87%
7Bosnien &
Herzegowina
AS Roma5Edin Dzeko
85%
7ArgentinienJuventus5Paolo Dybala
80%
3SerbienAjax6Dusan Tadic
74%
7EnglandManchester City5Raheem Sterling
74%
7BrasilienTottenham Hotspur5Lucas Moura
56%
3MaliPorto6Moussa Marega
21%

Verteilung der Resultate

Perzentil nach korrekt beantworteten Fragen

Anzahl Personen mit jedem Resultat

Ihre Resultats-Entwicklung

Sie haben dieses Quiz noch nicht gespielt